| 000 | 00872cam a22001934a 4500 | ||
|---|---|---|---|
| 005 | 20250605164052.0 | ||
| 008 | 250528s ||||||||||||||||||||||||d | ||
| 035 | _a17305 | ||
| 020 | _a27303829 | ||
| 040 |
_aGR-AtMCL _bgre _dGR-AtMCL _eAACR2 |
||
| 245 | 1 | _aTourism in Europe | |
| 260 |
_bPitman Publishing, _c1992 |
||
| 300 | _a190 | ||
| 520 | _aIntroduction, Europe and Tourism, European Community Legislation for Tourism, Shrinking Europe: The European High-Speed Train Network and the Channel Tunnels, New Trends in Accommodation, Theme Parks in Europe, Tourism for All: Social Tourism in Europe, Small is Beautiful: Responsible Tourism in Europe, European Rural Tourism, Open for Business: Tourism in Eastern Europe, Cahier de Soutien en Langue Francaise, Bibliography. | ||
| 700 | 1 |
_aDavidson Rob _93464 |
|
| 942 | _cBK | ||
| 999 |
_c2733 _d2733 |
||